00762cam a22002291 4500001000800000005001700008008004100025010001700066040001800083041001100101080001600112082001600128100000700144101000800151240005400159245009800213504003200311906004500343942001200388999001700400952011500417405794120180306033626.0730515s1962 nyuafh bd 000 0 eng  a 62006363  aDLCcDLCdDLC1 aengspa a398.303 CIR00a398.303 CIR1 a23 aFJA10aDiccionario de símbolos tradicionales.lEnglish12aA dictionary of symbols.cTranslated from the Spanish by Jack Sage. Foreword by Herbert Read. aBibliography: p. [367]-377. a7bcbccorignewdueocipf19gy-gencatlg 2ddccBK c44128d44128 00102udc40708PËKGa002b002cPËKGd2018-03-06l0o398.303 CIRp002-3001239r2018-03-06w2018-03-06yBK